Человек, который смеется: Роман

Dades bibliogràfiques
Autor principal: Гюго В. М. Виктор Мари
Altres autors: Рудковская А. (переводчик), Богдеско И. Т. (иллюстратор)
Idioma:rus
Publicat: Кишинев, Лумина, 1989
Matèries:
Format: MixedMaterials Llibre
KOHA link:https://koha.lib.tpu.ru/cgi-bin/koha/opac-detail.pl?biblionumber=131958

MARC

LEADER 00000nam0a2200000 4500
001 131958
005 20260205161111.0
010 |a 5372002212 
035 |a (RuTPU)RU\TPU\book\142893 
090 |a 131958 
100 |a 20080226d1989 m y0rusy5003 ca 
101 1 |a rus  |c fre 
102 |a MD 
105 |a y z 000ay 
200 1 |a Человек, который смеется  |e Роман  |f В. М. Гюго  |g пер. с фр. под ред. А. Рудковской ; худож. И. Т. Богдеско 
210 |a Кишинев  |c Лумина  |d 1989 
215 |a 592 с.  |d 21 см 
606 |a Французская литература  |x Произведения  |9 81252 
610 1 |a Англия 
610 1 |a художественная литература 
610 1 |a романы 
675 |a 84  |v 3 
700 1 |a Гюго  |b В. М.  |c французский писатель-романтик  |f 1802-1885  |g Виктор Мари  |3 (RuTPU)RU\TPU\pers\1778  |9 730 
702 1 |a Рудковская  |b А.  |4 730 
702 1 |a Богдеско  |b И. Т.  |4 440 
801 0 |a RU  |b RuMRKP  |c 19950417  |g psbo 
801 1 |a RU  |b 63413507  |c 20080226  |g PSBO 
801 2 |a RU  |b 63413507  |c 20081225  |g PSBO 
942 |c BK